• 首页
  • 本馆介绍
  • 公告通知
  • 最新文献
  • 馆藏检索
  • 电子资源
  • 读者导购
  • 参考咨询
  • 我的图书馆
  • 登录
  • 详细信息显示
  • 放入我的书架
  • 预约/预借图书
  • 作者相关作品
  • 分类相关作品
  • 丛书相关作品
  • 出版社相关作品

书目信息

  • 表格格式
  • 工作单格式
  • 卡片格式
题名:
房屋结构抗震设计
    
 
作者: 郭继武 编
分册:  
出版信息: 北京   中国建筑工业出版社  1982
页数: 237页
开本: 19cm
丛书名: 建筑结构基本知识丛书
单 册:
中图分类: TU352.1
科图分类:
主题词: 建筑结构--特殊形式
电子资源:
ISBN:
000 00743nam2 2200277 45
001 0182007152
005 20040517082925.5
010    @dCNY0.60
091    @a15040.4292
100    @a19950516d1982 em y0chiy0121 ea
101 0  @achi
102    @aCN@b110000
105    @ay z 000yy
106    @ar
200 10 @a房屋结构抗震设计@Afang wu jie gou kang zhen she ji@f郭继武等编
205    @a2版
210    @a北京@c中国建筑工业出版社@d1982
215    @a237页@d19cm
225 2  @a建筑结构基本知识丛书
410  0 @120010@a建筑结构基本知识丛书
606 0  @a建筑结构@x特殊形式
690    @aTU352.1
701  0 @a郭继武@Aguo ji wu@4编
801  0 @aCN@b上海图书馆@c20040517
801  2 @aCN@bNLC@c20040517
905    @f1@b105351@dTU352.1@e41
    
    房屋结构抗震设计/郭继武等编.-2版.-北京:中国建筑工业出版社,1982
    237页;19cm.-(建筑结构基本知识丛书)
    
    
    ISBN :CNY0.60
    
●
相关链接 在E读中查询图书 在五车中查询图书 在当当中查询图书 在豆瓣中查询图书


正题名:房屋结构抗震设计     索取号:TU352.1/41         预约/预借

序号 登录号 条形码 馆藏地/架位号 状态 备注
1 0105351   001480631   第三借阅区/ [索取号:TU352.1/41] 在馆    
2 0105352   001481701   第二样本阅览室/ [索取号:TU352.1/41] 在馆    
唐山师范学院图书馆 欢迎您!
大连网信软件有限公司© 版权所有